| 000 | 02083nas a2200277Ia 4500 | ||
|---|---|---|---|
| 001 | R270-R7199 | ||
| 003 | IT-CnALBA | ||
| 008 | 170116c99999999xx |||||||||||| ||und|| | ||
| 040 |
_aIT-CnALBA _cIT-CnALBA |
||
| 041 | _aITALIANO | ||
| 100 | _aBORELLA PIETRO, MONSIGNORE | ||
| 210 | _aRIVISTA DI STORIA DELLA CHIESA IN ITALIA | ||
| 222 | _aRIVISTA DI STORIA DELLA CHIESA IN ITALIA | ||
| 245 | 0 | _aRIVISTA DI STORIA DELLA CHIESA IN ITALIA. GENNAIO-DICEMBRE 1952. | |
| 250 | _a1a ed. | ||
| 260 |
_a ROMA _bISTITUTO GRAFICO TIBERINO _c1952 [1° Ed.:1952 - Ed.Ling.Originale: 1952] |
||
| 300 | _a484 p. | ||
| 310 | _aQUADRIMESTRALE | ||
| 362 | _aFascicolo: 1-3 / Anno: 6 (1952) | ||
| 500 | _aRECENTI STUDI SUL RITO AMBROSIANO. AMBASCERIA DI S. AMBROGIO A TREVIRI. CICCONE L. L'AFFARE MESTORIO VISTO DA ROMA. BORSARI S. LE MIGRAZIONI DALL'ORIENTE IN ITALIA NEL VII SECOLO. PREZZI P. L'IDEALE POLITICO DELLA REPUBBLICA CRISTIANA E LA SUA CRISI. CORNET B. GENERAZIONE VENUTA DAL CIELO DI GREGORIO IX NELLA GRANDEZZA DI S. FRANCESCO. BATTELLI G., IL BREVILOQUIO DI FRA ANGELO CLARENO. ANDREOLI A. L'AUTOBIOGRAFIA DEL MURATORI. ANDALORO A. IL PADRE MARIANO SPADA. STORIA MISCELLANEA. STORIA LOCALE. COMUNICAZIONI RECENSIONI CRONACHE. STORIA GENERALE. BIBLIOGRAFIA. INDICE ONOMASTICO. | ||
| 501 | _aSocietà San Paolo EM - Piazza San Paolo, 14 - 12051 ALBA (CN) (non commercial uses only) ® Copyright 2017 | ||
| 520 | _aRECENTI STUDI SUL RITO AMBROSIANO. AMBASCERIA DI S. AMBROGIO A TREVIRI. CICCONE L. L'AFFARE MESTORIO VISTO DA ROMA. BORSARI S. LE MIGRAZIONI DALL'ORIENTE IN ITALIA NEL VII SECOLO. PREZZI P. L'IDEALE POLITICO DELLA REPUBBLICA CRISTIANA E LA SUA CRISI. CORNET B. GENERAZIONE VENUTA DAL CIELO DI GREGORIO IX NELLA GRANDEZZA DI S. FRANCESCO. BATTELLI G., IL BREVILOQUIO DI FRA ANGELO CLARENO. ANDREOLI A. L'AUTOBIOGRAFIA DEL MURATORI. ANDALORO A. IL PADRE MARIANO SPADA. STORIA MISCELLANEA. STORIA LOCALE. COMUNICAZIONI RECENSIONI CRONACHE. STORIA GENERALE. BIBLIOGRAFIA. INDICE ONOMASTICO. | ||
| 650 | _aSTORIA DELLA CHIESA | ||
| 942 | _cCR | ||
| 957 | _71 | ||
| 999 |
_a58766 _bNO _g1 _c325793 _d325793 |
||